Pravoslávna cirkev a teológia medzi globalizáciou a sekularizáciou
| Main Author: | |
|---|---|
| Other Authors: | |
| Format: | Article |
| Language: | Slovak Czech Greek, Modern (1453- ) |
| ISBN: | 8080682097 |
| Subjects: |
MARC
| LEADER | 00000nab a2200000 a 4500 | ||
|---|---|---|---|
| 001 | vtls010550886 | ||
| 003 | SK-MaSNL | ||
| 005 | 20260304180340.0 | ||
| 008 | 131015c2003 xo u m 100 a0slo | ||
| 015 | |a SNBRA2013/10SVKPO | ||
| 038 | |a SVKPO | ||
| 040 | |a SVKPOCL |b slo |c SVKPOCL |e AACR2 | ||
| 041 | 1 | |a cze |h gre | |
| 044 | |a xo |c SK | ||
| 080 | |a 2-6 |2 2001 | ||
| 080 | |a 271.2 |2 2001 | ||
| 080 | |a 2-1 |2 2001 | ||
| 080 | |a 316.422 |2 2001 | ||
| 080 | |a 2-635-637-672 |2 2001 | ||
| 100 | 1 | |a Savvatos, Chryzostomos, |4 aut |9 1509781 | |
| 245 | 1 | 0 | |a Pravoslávna cirkev a teológia medzi globalizáciou a sekularizáciou |c Chryzostomos Savvatos |
| 504 | |a Bibliogr. odkazy | ||
| 546 | |a Res. angl. | ||
| 650 | 0 | 7 | |a pravoslávie |2 svkpocl |9 4092 |
| 650 | 0 | 7 | |a religionistika |2 svkpocl |9 4101 |
| 650 | 0 | 7 | |a teológia |2 svkpocl |9 1814 |
| 650 | 0 | 7 | |a globalizácia |2 svkpocl |9 3615 |
| 650 | 0 | 7 | |a sekularizácia |2 svkpocl |9 1981 |
| 655 | 7 | |a články zo zborníkov |2 svkpocl |9 166140 | |
| 700 | 1 | |a Zozuľak, Ján, |d 1968-, |4 trl |9 258846 | |
| 773 | 0 | |t Byzantská kultúra v kontexte európskej civilizácie : zborník príspevkov z vedeckej konferencie s medzinárodnou účasťou 26. - 27. októbra 2001 pod záštitou predsedu vlády Slovenskej republiky pána Pála Csákyho /d Prešov : Pravoslávna bohoslovecká fakulta Prešovskej univerzity, 2003 |g S.54-59 |z 8080682097 | |
| 852 | |a SVKPO |b KIS3GCP | ||
| 958 | |a SK | ||
| 958 | |a NB | ||
| 958 | |a NT | ||
| 999 | |c 3017635 |d 3019565 | ||


